| 000 | 00453nam a2200157 a 4500 | ||
|---|---|---|---|
| 001 | 000023807 | ||
| 005 | 20200930022459.0 | ||
| 008 | 110113s1960 xxu r 000 0 spa d | ||
| 040 |
_aDO-SdBNP _bspa _cBNPHU |
||
| 082 |
_axxxx _bM164s |
||
| 100 | 1 |
_aMacLennan, Hugh _949006 |
|
| 245 | 1 | 0 |
_ascotchman´s return and other essays / _cHugh MacLennan. |
| 260 |
_aNew York : _bCharles Scribner´s Sons, _c1960. |
||
| 300 |
_av, 279 p. ; _c22 cm. |
||
| 049 | _aBNGR | ||
| 999 |
_c23303 _d23303 |
||